LIBRARY & INFORMATION CENTRE, KCAET, TAVANUR

ONLINE PUBLIC ACCESS CATALOGUE (OPAC)

Mechanis of structures Vol.1 / (Record no. 13115)

MARC details
000 -LEADER
fixed length control field 00426cam a2200169ua 4500
003 - CONTROL NUMBER IDENTIFIER
control field OSt
008 - FIXED-LENGTH DATA ELEMENTS--GENERAL INFORMATION
fixed length control field 250602b |||||||| |||| 00| 0 eng d
041 ## - LANGUAGE CODE
Language code of text/sound track or separate title eng
082 ## - DEWEY DECIMAL CLASSIFICATION NUMBER
Classification number 624.171
Item number SHA/ME
100 ## - MAIN ENTRY--AUTHOR NAME
Personal name Shah, H.J .
245 ## - TITLE STATEMENT
Title Mechanis of structures Vol.1 /
250 ## - EDITION STATEMENT
Edition statement 26 /
260 ## - PUBLICATION, DISTRIBUTION, ETC. (IMPRINT)
Place of publication Anad :
Name of publisher charactor publishing company ,
Year of publication 2005.
300 ## - PHYSICAL DESCRIPTION
Number of Pages 976 ; .
700 1# - ADDED ENTRY--PERSONAL NAME
Personal name Junarkar, S.B .
942 ## - ADDED ENTRY ELEMENTS (KOHA)
Koha item type Books
Holdings
Withdrawn status Lost status Damaged status Home library Current library Date acquired Full call number Accession Number Koha item type
      KAUAET KAUAET 07/04/2012 624.171 SHA/ME 21403 Books
free website counter